000
00297nam a2200133Ia 4500
008
191201s2003 xx 000 0 und d
100
_a
Jain, R P
245
0
_a
Modern Digital Electronics
250
_a
3rd
260
_c
2003
_b
TMH
_a
N.Delhi
300
_a
611
650
_a
ECE
942
_2
ddc
_c
BB
_0
4
999
_c
7250
_d
7250